000 00367 a2200169 4500
001 188682
020 _a85-08-10274-7
040 _cMagnum
100 _aAzevedo, Ricardo
240 1 0 _aA hora do cachorro louco
_lpor
245 1 0 _aA hora do cachorro louco
300 _a113
362 0 _a2006
440 1 _aÁtica
697 _aLITERATURA JUVENIL
942 _cBK
999 _c188682
_d188682